| 000 | 00510nam a2200205Ia 4500 | ||
|---|---|---|---|
| 008 | 180523s9999 xx 000 0 und d | ||
| 020 | _a81-7473-224-1 | ||
| 050 | _aMAIN HD 58.7 | ||
| 050 | _b.K35 2003 | ||
| 100 | _aKaila, H.L. | ||
| 245 | 0 | _aOrganizational behaviour & HRM / | |
| 245 | 0 | _cH.L. Kaila. | |
| 260 | _aMumbai : | ||
| 260 | _bA.I.T.B.S. Publishers, | ||
| 260 | _c2003 | ||
| 300 | _a192 pages : | ||
| 300 | _c24 cm. | ||
| 500 | _aIncludes index. | ||
| 650 | _aOrganizational behavior. | ||
| 999 |
_c356911 _d356911 |
||